Professional women: family conflicts & stress (Record no. 2883)

MARC details
000 -LEADER
fixed length control field 00507nam a2200181Ia 4500
020 ## - INTERNATIONAL STANDARD BOOK NUMBER
ISBN 81-7827-065-x
082 ## - DEWEY DECIMAL CLASSIFICATION NUMBER
Classification number 305.408622 ARO-;
100 ## - MAIN ENTRY--AUTHOR NAME
Personal name Arora, Poonam
245 #0 - TITLE STATEMENT
Title Professional women: family conflicts & stress
260 ## - PUBLICATION, DISTRIBUTION, ETC. (IMPRINT)
Place of publication New Delhi
Name of publisher Manak Publications
Year of publication 2003
300 ## - PHYSICAL DESCRIPTION
Number of Pages x, 283p.
504 ## - BIBLIOGRAPHY, ETC. NOTE
Bibliography, etc Includes index
650 ## - SUBJECT ADDED ENTRY--TOPICAL TERM
Topical Term Women - Social conditions - India
650 ## - SUBJECT ADDED ENTRY--TOPICAL TERM
Topical Term Women in the professions - India
650 ## - SUBJECT ADDED ENTRY--TOPICAL TERM
Topical Term Women - India
650 ## - SUBJECT ADDED ENTRY--TOPICAL TERM
Topical Term Women - Psychology - India
942 ## - ADDED ENTRY ELEMENTS (KOHA)
Koha item type Books
Holdings
Withdrawn status Lost status Damaged status Not for loan Home library Current library Date acquired Bill Date Full call number Accession Number Price effective from Koha item type
        NASSDOC Library NASSDOC Library 08/06/2004 2004-10-05 305.408622 ARO-; 38733 18/04/2019 Books